Statystyki dla Liga Mistrzów 2023/2024

Kliknij tutaj aby rozwiązać quiz!

Ogólne statystyki

  • Ten quiz został rozwiązany 954 razy
  • Średni wynik to 21 z 32

Statystyki odpowiedzi

NUMERGRUPAKLUB% Poprawnych
29GRUPA HFC Barcelona
92%
10CReal Madryt
91%
1GRUPA ABayern Monachium
88%
2AManchester United
88%
25GRUPA GManchester City
87%
21GRUPA FPSG
84%
23FAC Milan
83%
22FBorussia Dortmund
81%
9GRUPA CSSC Napoli
80%
30HFC Porto
78%
14DInter Mediolan
78%
6BArsenal
76%
3AFC Kopenhaga
74%
18EAtletico Madryt
70%
4AGalatasaray SK
65%
24FNewcastle United
65%
26GRB Lipsk
65%
5GRUPA BSevilla
62%
13GRUPA DSL Benfika
61%
8BRC Lens
57%
12CUnion Berlin
57%
7BPSV Eindhoven
55%
16DReal Sociedad
50%
32HRoyal Antwerp
50%
19ESS Lazio
50%
11CSC Braga
49%
31HSzachtar Donieck
47%
28GYoung Boys Berno
42%
20ECeltic Glasgow
40%
17GRUPA EFeyenoord
35%
15DRB Salzburg
35%
27GCrvena Zvezda
33%

Rozkład punktacji

Percentyl według liczby udzielonych odpowiedzi

Procent ludzi z każdym wynikiem

Twoja historia wyników

Nie rozwiązałeś tego quizu